000 00347nam a2200133Ia 4500
008 240624s9999 xx 000 0 und d
041 _aeng
082 _a658.3 MIL
100 _aMILLER BRIAN COLE
245 _aKEEPING EMPLOYEES ACCOUNTABLE FOR RESULT
260 _c2006
_aNew York
_bAMACOM
300 _aix, : 145 : p. : cm. ; 22
365 _c
_b28
999 _c22055
_d22055